00764nam a22002177a 450000500170000001000150001702000260003203500140005803700090007208200080008110000300008924500490011926000380016827000960020630000230030249000060032550000200033194200220035199900190037395201540039220250603145703.0 aENG-145139 a9788195742806c999.00 aEN-128671 bDBAD a954 aHegde, Parameshwar981589 aAncient European History/cParameshwar Hegde aGhaziabadbKANHYA PUBLISHERc2022 aGround Floor ,260 Shaktikhand III IndirapurambDelhi NCRe201010mkanhyapublisher@gmail.com a321 p.c22 cm.(Pb) v  aAncient History 2ddccENh954mHEG c211536d211536 001040708NFICaNPLbNPLd2025-06-03eDelivery of Books Act Divisiong999.00l0o954 HEGpEN-128671r2025-06-03 00:00:00t1v999.00w2025-06-03yEN